Frühe indoeuropäische Häuser im Ebrotal / J. Maluquer de Motes
Publicado:
[s. l.] :
1953
Descripción Física:
p. 155-159 : 2 làm. amb fot. ; 27 cm
Materias:
Arqueologia -- Espanya
MARC
| LEADER | 00000nam a2200000Ia 4500 | ||
|---|---|---|---|
| 001 | 17336 | ||
| 008 | 160829s1953 xx 000 0 cat d | ||
| 080 | |a FU-47-22 | ||
| 100 | 1 | |a Maluquer de Motes, Joan, |d 1915-1988 |9 30020 | |
| 245 | |a Frühe indoeuropäische Häuser im Ebrotal / J. Maluquer de Motes | ||
| 260 | |a [s. l.], |c 1953 | ||
| 300 | |a p. 155-159 : |b 2 làm. amb fot. ; |c 27 cm | ||
| 590 | |a Separata de Sonderdruck aus Germania 31, 1953, Heft 3/4 | ||
| 590 | |a Prové de R.168 del currículum per la plaça de conservador del Museu Arqueològic, 1957 | ||
| 650 | |a Arqueologia |x Espanya |9 46624 | ||
| 856 | 4 | |u https://media.diba.cat/diba/fitxers/arxiu/fulletons/bib_17336_1953_baixa.pdf |y Accés lliure | |
| 856 | 4 | |u https://media.diba.cat/diba/fitxers/arxiu/fulletons/bib_17336_1953_baixa.pdf |y Accés lliure | |
| 901 | |a Arxiu | ||
| 942 | |n 1 |2 udc | ||
| 952 | |0 0 |1 0 |4 0 |6 FU4722 |7 1 |9 53329 |a Arxiu |b Arxiu |d 2016-12-01 |l 0 |o FU-47-22 |p 17336 |r 2016-12-01 00:00:00 |w 2016-12-01 |y ARXIU | ||
| 999 | |c 57194 |d 57194 | ||
| 900 | |a bib_17336_1953_baixa.pdf | ||